<?xml version="1.0" encoding="UTF-8"?>
<collection xmlns:xsi="http://www.w3.org/2001/XMLSchema-instance" xsi:schemaLocation="http://www.loc.gov/MARC21/slim http://www.loc.gov/standards/marcxml/schema/MARC21slim.xsd" xmlns="http://www.loc.gov/MARC21/slim">
 <record>
  <leader>00000cam a22000004a 4500</leader>
  <controlfield tag="001">UP-99796217604668518</controlfield>
  <controlfield tag="003">Buklod</controlfield>
  <controlfield tag="005">20230503092542.0</controlfield>
  <controlfield tag="006">m    |o  d |      </controlfield>
  <controlfield tag="007">ta</controlfield>
  <controlfield tag="008">080210s1998    xx      r    |||| u|eng d</controlfield>
  <datafield tag="020" ind1=" " ind2=" ">
   <subfield code="a">9715420133</subfield>
  </datafield>
  <datafield tag="035" ind1=" " ind2=" ">
   <subfield code="a">(iLib)UPD-00000277100</subfield>
  </datafield>
  <datafield tag="040" ind1=" " ind2=" ">
   <subfield code="a">DML</subfield>
  </datafield>
  <datafield tag="041" ind1="0" ind2=" ">
   <subfield code="a">eng</subfield>
  </datafield>
  <datafield tag="042" ind1=" " ind2=" ">
   <subfield code="a">DMLUC</subfield>
  </datafield>
  <datafield tag="090" ind1=" " ind2=" ">
   <subfield code="a">JQ 1424</subfield>
   <subfield code="b">P67</subfield>
  </datafield>
  <datafield tag="245" ind1="0" ind2="4">
   <subfield code="a">The Post-EDSA constitutional commissions (1986-1992)</subfield>
   <subfield code="b">self assessments and external views</subfield>
   <subfield code="c">edited by Jose V. Abueva, Emerlinda R. Roman.</subfield>
  </datafield>
  <datafield tag="264" ind1=" " ind2="1">
   <subfield code="a">Quezon City</subfield>
   <subfield code="b">University of the Philippines Press</subfield>
   <subfield code="c">c1998.</subfield>
  </datafield>
  <datafield tag="300" ind1=" " ind2=" ">
   <subfield code="a">xv, 173 p.</subfield>
  </datafield>
  <datafield tag="490" ind1="0" ind2=" ">
   <subfield code="a">U.P. public lectures on the Aquino Administration and the post-EDSA government (1986-1992)</subfield>
   <subfield code="v">v.4</subfield>
  </datafield>
  <datafield tag="505" ind1="0" ind2=" ">
   <subfield code="a">Part I. Towards honesty, efficiency, and professionalism in the bureaucracy -- Chapter 1. The Civil Service Commission : a self-assessment / Patricia S. Sto. Tomas -- Chapter 2. The CSC : contemporary views and assessments / Jaime B. Veneracion, Amelia P. Varela -- Part II. Towards peaceful, honest, orderly, and credible elections -- Chapter 3. The Commission on Elections : a self-assessment / Christian S. Monsod -- Chapter 4. The COMELEC : contemporary views and assessments / Raul P. De Guzman, Pacifico A. Agabin -- Part III. Reducing dishonesty, waste, and irresponsibility in the government -- Chapter 5. The Commission on Audit : a self-assessment / Eufemio C. Domingo -- Chapter 6. The COA : contemporary views and assessments / Ledevina V. Cariño, Teresa F. Bernabe -- Part IV. Protecting human rights -- Chapter 7. The Commission on Human Rights : a self-assessment / Mary Concepcion Bautista -- Comment on the Amnesty International Report / Commission on Human Rights -- Chapter 8. The CHR : contemporary view and assessment / Pacifico A. Agabin -- Part V. Recovering stolen wealth -- Chapter 9. The Presidential Commission on Good Government : a self-assessment / David A. Castro -- Chapter 10. The PCGG : contemporary views and assessments / Jovito R. Salonga , Raul J. Palabrica, Belinda Olivarez-Cunanan, Vicente Albano Pacis, Manila Bulletin, Salvador T. Reyes -- Appendices.</subfield>
  </datafield>
  <datafield tag="520" ind1=" " ind2=" ">
   <subfield code="a">&quot;This book rounds out the assessments of the various political and governmental institutions that were restored and rebuilt under the 1987 Constitution, following the EDSA Revolution in February 22-25, 1986 that ended the dictatorship of Ferdinand E. Marcos (1972-1986).</subfield>
  </datafield>
  <datafield tag="650" ind1=" " ind2="0">
   <subfield code="a">Administrative agencies</subfield>
   <subfield code="x">Evaluation.</subfield>
   <subfield code="z">Philippines.</subfield>
  </datafield>
  <datafield tag="651" ind1=" " ind2="0">
   <subfield code="a">Philippines</subfield>
   <subfield code="x">Politics and goverment</subfield>
   <subfield code="y">1986-1992.</subfield>
  </datafield>
  <datafield tag="658" ind1=" " ind2=" ">
   <subfield code="a">Philippine Administrative Thought and Institutions.</subfield>
   <subfield code="c">PA 108.</subfield>
  </datafield>
  <datafield tag="658" ind1=" " ind2=" ">
   <subfield code="a">Public Personnel Administration.</subfield>
   <subfield code="c">PA 121.</subfield>
  </datafield>
  <datafield tag="658" ind1=" " ind2=" ">
   <subfield code="a">Public Personnel Administration.</subfield>
   <subfield code="c">PA 221.</subfield>
  </datafield>
  <datafield tag="700" ind1="1" ind2=" ">
   <subfield code="a">Abueva, Jose Veloso</subfield>
   <subfield code="d">1928-.</subfield>
  </datafield>
  <datafield tag="700" ind1="1" ind2=" ">
   <subfield code="a">Roman, Emerlinda Ramos.</subfield>
  </datafield>
  <datafield tag="842" ind1=" " ind2=" ">
   <subfield code="a">Book</subfield>
  </datafield>
  <datafield tag="905" ind1=" " ind2=" ">
   <subfield code="a">FI</subfield>
  </datafield>
  <datafield tag="905" ind1=" " ind2=" ">
   <subfield code="a">UP</subfield>
  </datafield>
  <datafield tag="950" ind1=" " ind2=" ">
   <subfield code="a">Monograph</subfield>
  </datafield>
  <datafield tag="852" ind1="0" ind2=" ">
   <subfield code="a">UPD</subfield>
   <subfield code="b">DAC</subfield>
   <subfield code="h">JQ 1424 P67</subfield>
  </datafield>
  <datafield tag="852" ind1="0" ind2=" ">
   <subfield code="a">UPD</subfield>
   <subfield code="b">DCPA</subfield>
   <subfield code="h">JQ 1424 P67</subfield>
  </datafield>
  <datafield tag="852" ind1="0" ind2=" ">
   <subfield code="a">UPD</subfield>
   <subfield code="b">DEDUC</subfield>
   <subfield code="h">JQ 1424</subfield>
   <subfield code="i">P67</subfield>
  </datafield>
  <datafield tag="852" ind1="0" ind2=" ">
   <subfield code="a">UPD</subfield>
   <subfield code="b">DMC</subfield>
   <subfield code="h">JQ 1424</subfield>
   <subfield code="i">P67</subfield>
  </datafield>
  <datafield tag="852" ind1="0" ind2=" ">
   <subfield code="a">UPD</subfield>
   <subfield code="b">DMLF</subfield>
   <subfield code="h">JQ 1424</subfield>
   <subfield code="i">P67</subfield>
  </datafield>
  <datafield tag="852" ind1="0" ind2=" ">
   <subfield code="a">UPD</subfield>
   <subfield code="b">DMLF</subfield>
   <subfield code="h">JQ 1424</subfield>
   <subfield code="i">P67 in stacks</subfield>
  </datafield>
  <datafield tag="852" ind1="0" ind2=" ">
   <subfield code="a">UPD</subfield>
   <subfield code="b">DMLS</subfield>
   <subfield code="h">JQ 1424</subfield>
   <subfield code="i">P67</subfield>
  </datafield>
  <datafield tag="942" ind1=" " ind2=" ">
   <subfield code="a">Book</subfield>
  </datafield>
 </record>
</collection>
